000 00873cam a22002295a 4500
001 L159225
008 160321s2014 xxk f 000 0 eng d
020 _a9780230303331
035 _a(Sirsi) u159225
041 0 _aeng
050 0 4 _a711.1
100 1 _aGreed, Clara
245 0 0 _aPlanning in the UK
_bAn introduction
260 _aBasingstoke
_bPalgrave Macmillan
_c2014
300 _axix, 369p, 25cm
520 _aProvides up to date and broad range overview of planning including details of history, theory and policy debates that make up the subject. Debates the latest issues of planning under recent governments and demonstrates how priorities have changed with successive governments and in response to global trends.
590 _aKA
651 4 _aUnited Kingdom
690 _aPlanning and development
_96259
700 1 _aJohnson, David
942 _n0
999 _c115748
_d115748